Lao động việc làm và đào tạo nghề nông thôn vùng Đồng bằng sông Cửu Long : Thực trạng và định hướng

Nội dung tài liệu cung cấp những vấn đề về lao động, việc làm và đào tạo nghề nông thôn vùng đồng bằng sông Cửu Long. Từ đó, có những định hướng trong việc nâng cao kỹ năng, năng lực trong đào tạo nghề cho lao động nông thôn, góp phần c...

Cur síos iomlán

Đã lưu trong:
Sonraí Bibleagrafaíochta
Príomhúdar: Dương, Ngọc Thành
Formáid: Leabhar
Teanga:Undetermined
Foilsithe: Cần Thơ Nxb. Đại học Cần Thơ 2016
Ábhair:
Clibeanna: Cuir Clib Leis
Gan Chlibeanna, Bí ar an gcéad duine leis an taifead seo a chlibeáil!
Thư viện lưu trữ: Trung tâm Học liệu Trường Đại học Cần Thơ
LEADER 01396nam a2200217Ia 4500
001 CTU_206466
008 210402s9999 xx 000 0 und d
020 |c 63000 
082 |a 331.11 
082 |b Th107 
100 |a Dương, Ngọc Thành 
245 0 |a Lao động việc làm và đào tạo nghề nông thôn vùng Đồng bằng sông Cửu Long : 
245 0 |b Thực trạng và định hướng 
245 0 |c Dương Ngọc Thành (Chủ biên) 
260 |a Cần Thơ 
260 |b Nxb. Đại học Cần Thơ 
260 |c 2016 
520 |a Nội dung tài liệu cung cấp những vấn đề về lao động, việc làm và đào tạo nghề nông thôn vùng đồng bằng sông Cửu Long. Từ đó, có những định hướng trong việc nâng cao kỹ năng, năng lực trong đào tạo nghề cho lao động nông thôn, góp phần chuyển dịch cơ cấu lao động và cơ cấu kinh tế, phục vụ sự nghiệp công nghiệp hoá nông nghiệp, nông thôn, cải thiện thu nhập và đời sống của người dân vùng đồng bằng sông Cửu Long 
650 |a Cung ứng lao động,Labor supply 
904 |i Tuyến 
980 |a Trung tâm Học liệu Trường Đại học Cần Thơ